01178nam a22002897a 4500003000400000005001700004006001900021007000400040008004100044010002000085024002000105035002000125040001300145245007700158250002300235260002700258300005100285508026000336538005200596538013200648650001900780700001500799700001900814700001800833700002000851700001700871dpl20090312163757.0a|||||r|||||00| 0 DVD050907s2005 cau105 g 00| 0 eng d aDVD-001729-1731 aVPB 092c299.00 aDVD-001729-1731 aDPLcDPL aThe Godfather II /h[videorecording] DVD /cParamount Pictures Presents aWindscreen edition bSa Re Ga Ma India Ltd. a3 videodisc VCD; bsd., col. ;c4-3/4 in.fVCD aDirector of photography, Oliver Wood ; art directors, Shepherd Frankel, Don Macaulay ; editor, William Hoy ; music, Miri Ben-Ari, John Ottman ; costume designer, Jose Fernandez, Wendy Partridge ; production designer, Bill Boes ; visual effects supervisors aDolby digital 5.1, English Subtitles in English aAspect Ratio 1.78:1,Presentation Type: Wide Screen, Presentation Size: 16x9, Format: DVD 9 Dual Layer Single Sided Disc. Layer  aMotion Picture aPacino, Al aDuvall, Robert aKeaton, Diane aDe Niro, Robert aShire, Talia